| 000 | 00291nam a22000977a 4500 | ||
|---|---|---|---|
| 999 |
_c508442 _d508442 |
||
| 082 | _aT2531x5442 | ||
| 100 |
_aIndia. Ministry of Labour _93172 |
||
| 245 |
_aProductivity project for engineering industries _cby Ministry of Labour |
||
| 260 |
_aBombay _bProductivity Centre _c1955 |
||
| 300 | _a92p. | ||